| 000 | 00536nam a2200205Ia 4500 | ||
|---|---|---|---|
| 003 | OSt | ||
| 005 | 20250726144124.0 | ||
| 008 | 210423s1964 xx 000 0 und d | ||
| 040 | _cAL | ||
| 041 | _aEnglish | ||
| 082 |
_a100 COPH _bCOPH |
||
| 100 |
_aFredrick Copleston _9122343 |
||
| 245 |
_aHistroy of philosophy _b: greece and rome part 1 |
||
| 260 |
_bState Resource Centre _c1964 |
||
| 365 | _cINR | ||
| 440 | _v5 | ||
| 650 |
_aPhilosophy _9122344 |
||
| 906 | _a1. ; greece ; Histroy ; philosophy: ; rome | ||
| 942 |
_2ddc _cBK |
||
| 999 |
_c173939 _d173939 |
||